000 00392nam a22001577a 4500
003 OSt
005 20231028063445.0
008 231028b |||||||| |||| 00| 0 eng d
020 _a978-93-7473-751-4
040 _cIIMT UNIVERSITY
100 _aYADAV, ASHA
245 _aAPPLIED ANATOMY & PHYSIOLOGY FOR NURSES
260 _aNEW DELHI
_bAITBS BOOKS
_c2022
300 _a277
942 _2ddc
_c09
999 _c57570
_d57570